Simak An Nadwa : / سماک الندوہ (Record no. 27218)

MARC details
000 -LEADER
fixed length control field 00505nam a22001817a 4500
003 - CONTROL NUMBER IDENTIFIER
control field BDDh-ASL
005 - DATE AND TIME OF LATEST TRANSACTION
control field 20231015030735.0
008 - FIXED-LENGTH DATA ELEMENTS--GENERAL INFORMATION
fixed length control field 211028s1892 ii ||||| |||| 00| 0 u d
040 ## - CATALOGING SOURCE
Original cataloging agency BDDh-ASL
Transcribing agency BDDh-ASL
082 ## - DEWEY DECIMAL CLASSIFICATION NUMBER
Classification number 297.3
Item number YAS
100 1# - MAIN ENTRY--PERSONAL NAME
9 (RLIN) 5470
Personal name Yaqinuddin, Mohammad
245 10 - TITLE STATEMENT
Title Simak An Nadwa : / سماک الندوہ
260 ## - PUBLICATION, DISTRIBUTION, ETC.
Place of publication, distribution, etc. Bareilly :
Date of publication, distribution, etc. 1314 H. / 1892.
300 ## - PHYSICAL DESCRIPTION
Extent 40 p. :
Dimensions 25 cm.
505 ## - FORMATTED CONTENTS NOTE
Formatted contents note Partly Worm-eaten.
650 #0 - SUBJECT ADDED ENTRY--TOPICAL TERM
9 (RLIN) 5142
Topical term or geographic name entry element Islamic Discourse
942 ## - ADDED ENTRY ELEMENTS (KOHA)
Source of classification or shelving scheme Dewey Decimal Classification
Koha item type Books
Holdings
Withdrawn status Lost status Source of classification or shelving scheme Damaged status Not for loan Collection code Home library Current library Shelving location Date acquired Source of acquisition Serial Enumeration / chronology Total Checkouts Full call number Barcode Date last seen Copy number Price effective from Koha item type
    Dewey Decimal Classification     Non-fiction Asiatic Society Library Asiatic Society Library General Stacks 10/28/2021 ASB Library Collection U-0622   297.3 YAS 113306 10/28/2021 C-1 10/28/2021 Books

Powered by Koha